| 000 | 00831nam a2200181 4500 | ||
|---|---|---|---|
| 001 | 122843 | ||
| 003 | ES-MaACL | ||
| 007 | t| | ||
| 008 | 070214m19841985sp r ||||0| spa d | ||
| 110 | 2 |
_aEspaña. _bSecretaría General de Economía y Planificación. _93970 |
|
| 245 | 1 | 0 |
_aPrograma económico a medio plazo 1984-87 / _c[Ministerio de Economía y Hacienda, Secretaría General de Economía y Planificación]. |
| 260 |
_aMadrid : _bMinisterio de Economía y Hacienda, _c1984-85. |
||
| 300 |
_a2 v ; _c30 cm. |
||
| 505 | 8 | _aContiene: v. I.: Evolución general y proyecciones de la economía española --- v. II: Reformas estructurales e institucionales | |
| 740 | 0 | _aEvolución general y proyecciones de la economía española. | |
| 740 | 0 | _aReformas estructurales e institucionales. | |
| 852 |
_aES-MaACL _jL-6324-5 _bR.107050 |
||
| 999 |
_c122843 _d122843 |
||